[Event "Satu Mare Szabo Memorial"]
[Site "Satu Mare"]
[Date "2021.08.11"]
[Round "4"]
[White "Jinga, Vlad Ionut"]
[Black "Talmaci, Chiril"]
[Result "1/2-1/2"]
[WhiteElo "1745"]
[BlackElo "1995"]
[PlyCount "56"]
[EventDate "2021.08.08"]
[EventType "swiss"]
[EventRounds "9"]
[EventCountry "ROU"]
[SourceTitle "CBM 203 Extra"]
[Source "ChessBase"]
[SourceDate "2021.09.30"]
[SourceVersion "1"]
[SourceVersionDate "2021.09.30"]
[SourceQuality "1"]

1. e4 c6 2. d4 d5 3. e5 Bf5 4. Nc3 e6 5. g4 Bg6 6. Nge2 c5 7. h4 h6 8. Be3 Nd7 9. f4 h5 10. f5 exf5 11. Nf4 hxg4 12. e6 fxe6 13. Nxg6 Rh7 14. Bg5 Be7 15. Nxe7 Nxe7 16. Qe2 Kf7 17. 0-0-0 cxd4 18. Rxd4 Qb6 19. Rd1 Nf6 20. Bg2 Rhh8 21. Rhe1 Rhe8 22. Nb5 a6 23. Nd4 Ne4 24. Bxe4 dxe4 25. Bxe7 Rxe7 26. Qe3 Qa5 27. Kb1 Qe5 28. Ne2 Rh8 1/2-1/2